000050735 001__ 50735
000050735 005__ 20220224130708.0
000050735 0247_ $$2doi$$a10.1007/BF01437870
000050735 0247_ $$2ISSN$$a1434-601X
000050735 0247_ $$2ISSN$$a1434-6001
000050735 0247_ $$2ISSN$$a1431-5831
000050735 037__ $$aGSI-2013-02355
000050735 041__ $$aEnglish
000050735 082__ $$a530
000050735 1001_ $$0P:(DE-HGF)0$$aAyik, S.$$b0$$eCorresponding author
000050735 245__ $$aMicroscopic transport theory of heavy-ion collisions
000050735 260__ $$aBerlin$$bSpringer$$c1976
000050735 3367_ $$0PUB:(DE-HGF)16$$2PUB:(DE-HGF)$$aJournal Article$$bjournal$$mjournal$$s1366714448_16256
000050735 3367_ $$2DRIVER$$aarticle
000050735 3367_ $$2BibTeX$$aARTICLE
000050735 3367_ $$00$$2EndNote$$aJournal Article
000050735 536__ $$0G:(DE-HGF)POF2-899$$a899 - ohne Topic (POF2-899)$$cPOF2-899$$fPOF I$$x0
000050735 588__ $$aDataset connected to CrossRef, repository.gsi.de
000050735 7001_ $$0P:(DE-HGF)0$$aSchürmann, B.$$b1
000050735 7001_ $$0P:(DE-HGF)0$$aNörenberg, W.$$b2
000050735 773__ $$0PERI:(DE-600)1459066-9$$a10.1007/BF01437870$$gVol. 279, no. 2, p. 145 - 153$$n2$$p145 - 153$$tThe @European physical journal / A$$v279$$x1434-601X$$y1976
000050735 909CO $$ooai:repository.gsi.de:50735$$pVDB
000050735 9101_ $$0I:(DE-Ds200)20121206GSI$$6P:(DE-Ds200)BUDP1-0224$$aGSI Helmholtzzentrum für Schwerionenforschung GmbH$$b2$$kGSI
000050735 9131_ $$0G:(DE-HGF)POF2-899$$1G:(DE-HGF)POF2-890$$2G:(DE-HGF)POF2-800$$3G:(DE-HGF)POF2$$4G:(DE-HGF)POF$$aDE-HGF$$bProgrammungebundene Forschung$$lohne Programm$$vohne Topic$$x0
000050735 915__ $$0StatID:(DE-HGF)0010$$2StatID$$aJCR/ISI refereed
000050735 915__ $$0StatID:(DE-HGF)0100$$2StatID$$aJCR
000050735 915__ $$0StatID:(DE-HGF)0110$$2StatID$$aWoS$$bScience Citation Index
000050735 915__ $$0StatID:(DE-HGF)0111$$2StatID$$aWoS$$bScience Citation Index Expanded
000050735 915__ $$0StatID:(DE-HGF)0150$$2StatID$$aDBCoverage$$bWeb of Science Core Collection
000050735 915__ $$0StatID:(DE-HGF)0199$$2StatID$$aDBCoverage$$bThomson Reuters Master Journal List
000050735 915__ $$0StatID:(DE-HGF)0200$$2StatID$$aDBCoverage$$bSCOPUS
000050735 915__ $$0StatID:(DE-HGF)0420$$2StatID$$aNationallizenz
000050735 915__ $$0StatID:(DE-HGF)1020$$2StatID$$aDBCoverage$$bCurrent Contents - Social and Behavioral Sciences
000050735 920__ $$lyes
000050735 9201_ $$0I:(DE-Ds200)THE-20051214OR028$$kTHE$$lTheorie$$x0
000050735 980__ $$ajournal
000050735 980__ $$aVDB
000050735 980__ $$aUNRESTRICTED
000050735 980__ $$aI:(DE-Ds200)20120319OR028
000050735 980__ $$aI:(DE-Ds200)THE-20051214OR028